| 000 | 00521nam a22001937a 4500 | ||
|---|---|---|---|
| 001 | sjds170157 | ||
| 003 | sjds | ||
| 005 | 20170720153124.0 | ||
| 008 | 170720b txu||||| |||| 00| 0 spa d | ||
| 020 | _a0915471027 (pbk.) | ||
| 020 | _a9780915471027 (pbk.) | ||
| 040 | _csjds | ||
| 041 | _aspa | ||
| 100 | 1 | _4Vincent, Anne H. | |
| 245 |
_aHilda la hipopótama _cescrito por Anne H. Vincent. |
||
| 260 |
_aDallas, Tex. : _bRisas Pub. Corp., _cc1984 |
||
| 300 |
_a[23] pages : _billustrations ; _c21 cm |
||
| 942 | _cBK | ||
| 999 |
_c18617 _d18617 |
||